MORRISON AND BOYD ORGANIC CHEMISTRY (Record no. 35948)
[ view plain ]
| 000 -LEADER | |
|---|---|
| fixed length control field | 00378nam a22001577a 4500 |
| 003 - CONTROL NUMBER IDENTIFIER | |
| control field | OSt |
| 005 - DATE AND TIME OF LATEST TRANSACTION | |
| control field | 20240111105703.0 |
| 008 - FIXED-LENGTH DATA ELEMENTS--GENERAL INFORMATION | |
| fixed length control field | 170724b xxu||||| |||| 00| 0 eng d |
| 020 ## - INTERNATIONAL STANDARD BOOK NUMBER | |
| International Standard Book Number | 9788178087016 |
| 040 ## - CATALOGING SOURCE | |
| Transcribing agency | SEROSOFT |
| 100 ## - MAIN ENTRY--PERSONAL NAME | |
| Personal name | BOYED,MORRISON |
| 245 ## - TITLE STATEMENT | |
| Title | MORRISON AND BOYD ORGANIC CHEMISTRY |
| 260 ## - PUBLICATION, DISTRIBUTION, ETC. | |
| Place of publication, distribution, etc. | DELHI |
| Name of publisher, distributor, etc. | PEARSON |
| Date of publication, distribution, etc. | 2003 |
| 300 ## - PHYSICAL DESCRIPTION | |
| Extent | 1325 |
| 942 ## - ADDED ENTRY ELEMENTS (KOHA) | |
| Source of classification or shelving scheme | |
| Koha item type | General Book |
| Edition | 6TH |
| Withdrawn status | Lost status | Source of classification or shelving scheme | Damaged status | Not for loan | Home library | Current library | Date acquired | Source of acquisition | Coded location qualifier | Total Checkouts | Full call number | Barcode | Date last seen | Date last checked out | Uniform Resource Identifier | Price effective from | Koha item type | Public note | Checked out |
|---|---|---|---|---|---|---|---|---|---|---|---|---|---|---|---|---|---|---|---|
| IIMT University Central Library Meerut | IIMT University Central Library Meerut | 07/24/2017 | 127 ENGG. COLLEGE | POLYTECHNI | 1 | 547 MOR | 01-B-121725 | 05/27/2019 | 03/27/2019 | CEMISTRY | 07/24/2017 | Book Bank | |||||||
| IIMT University Central Library Meerut | IIMT University Central Library Meerut | 07/24/2017 | 127 ENGG. COLLEGE | POLYTECHNI | 547 MOR | 01-B-121726 | 07/24/2017 | CEMISTRY | 07/24/2017 | Book Bank | |||||||||
| IIMT University Central Library Meerut | IIMT University Central Library Meerut | 07/24/2017 | 127 ENGG. COLLEGE | POLYTECHNI | 547 MOR | 01-B-121727 | 07/24/2017 | CEMISTRY | 07/24/2017 | Book Bank / Loan Books | Central Library to Departmental Basic Science Library | ||||||||
| IIMT University Central Library Meerut | IIMT University Central Library Meerut | 07/24/2017 | 127 ENGG. COLLEGE | POLYTECHNI | 1 | 547 MOR | 01-B-121728 | 04/29/2026 | 04/29/2026 | CEMISTRY | 07/24/2017 | Book Bank | 07/31/2026 | ||||||
| IIMT University Central Library Meerut | IIMT University Central Library Meerut | 07/24/2017 | 127 ENGG. COLLEGE | POLYTECHNI | 547 MOR | 01-B-121729 | 07/24/2017 | CEMISTRY | 07/24/2017 | Book Bank | |||||||||
| IIMT University Central Library Meerut | IIMT University Central Library Meerut | 07/24/2017 | 127 ENGG. COLLEGE | POLYTECHNI | 1 | 547 MOR | 01-B-121730 | 02/11/2023 | 10/31/2022 | CEMISTRY | 07/24/2017 | Book Bank |

